000 00616cam a2200205 4500500
005 20260405001732.0
041 _afre
042 _adc
100 1 0 _aLegros, Martin
_eauthor
245 0 0 _aDominique Blanc. Les mots pour le dire
260 _c2014.
500 _a68
690 _aCinéma
690 _aDominique Blanc
690 _aJean-Pierre Vernant
690 _aPatrice Chéreau
690 _aThéâtre
786 0 _nPhilosophie magazine | 78 | 4 | 2014-04-01 | p. 82-82 | 1951-1787
856 4 1 _uhttps://shs.cairn.info/magazine-philosophie-magazine-2014-4-page-82?lang=fr&redirect-ssocas=7080
999 _c2050544
_d2050544